League of Legends - The Void - Statistiken

Allgemein
  • Dieses Quiz wurde 321 mal gespielt
  • Das Durchschnittsergebnis liegt bei 8 aus 9
Antwortstatistiken
Antwort % Korrekt
Kai Sa
93%
Bel Veth
92%
Kassadin
87%
Cho Gath
86%
Malzahar
85%
Rek Sai
84%
Vel Koz
81%
Kha Zix
79%
Kog Maw
65%
Keine übereinstimmenden Quizze gefunden
Verteilung der Resultate
Anzahl Personen mit jedem Resultat
Perzentil nach korrekt beantworteten Fragen
Ihre Resultats-Entwicklung
Sie haben dieses Quiz noch nicht gespielt